Vista normal
Vista MARC
- Mora Ledesma, José Guadalupe de la
Entrada Nombre Personal
Número de registros utilizados en: 5
001 - NUMERO DE CONTROL
- campo de control: 29375
003 - IDENTIFICADOR DE NUMERO DE CONTROL
- campo de control: UPN
005 - FECHA Y HORA DE LA ÜLTIMA TRANSACCIÓN
- campo de control: 20210219194403.0
008 - DATOS DE LONGITUD FIJA
- campo de control de longitud fija: nabaccnnaabn|||||||||| b |nc|||||d
035 ## - NUMERO DE CONTROL
- Número de control: UPN11000001481
040 ## - FUENTE DE CATALOGACIÓN
- Lenguaje de catalogación: SPA
- Agencia de transcripción: UPN
100 1# - ENCABEZAMIENTO - NOMBRE PERSONAL
- Nombre personal: Mora Ledesma, José Guadalupe de la
670 ## - FUENTE EN LA QUE SE LOCALIZARON DATOS
- Cita de la fuente: T
- Información localizada: Esencia de la filosofia de la educación
902 ## - CATALOGADOR
- Catalogador: DAA/230508